00833nam a2200145Ia 4500008004100000020001800041100003500059245012700094260003900221650001200260650026000272856004400532999001900576952009200595171212s9999 xx 000 0 und d a9780874216080 aWicks, Robert;Foister, Fred R. cWicks, Robert;Foister, Fred R.aJunius And JosephbPresidential Politics and the Assassination of the First Mormon Prophet bUniversity Press of Coloradoc2005 aHistory aSmith, Joseph, 1805-1844; Smith, Joseph, 1805-1844 -- Assassination; Presidential candidates -- United States -- Biography; Mormons -- United States -- Biography; Presidents -- United States -- Election -- 1844; United States -- Politics and government -- uhttp://www.jstor.org/stable/j.ctt4cgn0s c353097d353097 001040aCLbCLd2017-12-12l0oBX8695.S6W49 2005r2017-12-12 00:00:00w2017-12-12yCBE